Constitución política de la República de Chile jurada y promulgada el 25 de mao de 1833 con las reformas efectuadas hasta la fecha
Saved in:
| Format: | Bog |
|---|---|
| Sprog: | spansk |
| Udgivet: |
Santiago
Universo
1915
|
| Fag: | |
| Tags: |
Tilføj Tag
Ingen Tags, Vær først til at tagge denne postø!
|
MARC
| LEADER | 00000nam a2200000 a 4500 | ||
|---|---|---|---|
| 001 | UCR4372 | ||
| 003 | CL-VaPUC | ||
| 008 | 980307e19150000CL |||||||||||||||||spa|d | ||
| 082 | 0 | 4 | |a 342.83 |b CON |2 21 |
| 245 | 1 | 0 | |a Constitución política de la República de Chile jurada y promulgada el 25 de mao de 1833 con las reformas efectuadas hasta la fecha |
| 300 | |a 44 p | ||
| 942 | |c BK | ||
| 945 | |d 19980307 00:00:00 |a aolguin | ||
| 260 | |a Santiago |b Universo |c 1915 | ||
| 650 | 0 | |a Constitución política |9 336925 | |
| 650 | 0 | |a Jurisprudencia |9 255952 | |
| 650 | 7 | |a DERECHO CHILENO |2 CL-VaPUC |9 404362 | |
| 651 | 7 | |a CHILE |2 CL-VaPUC |9 404363 | |
| 583 | |a last modification |c 19980307 00:00:00 |k Rodrigo Vera | ||
| 999 | |c 267315 |d 267313 | ||
| 952 | |0 0 |1 0 |2 ddc |4 0 |5 1 |6 342_830000000000000_CON_1915 |7 1 |8 C_LRYV |9 299588 |a FDOBRV |b BIBDER |d 2019-11-20 |i 1952994 |o 342.83 CON 1915 |p 1952994 |r 2019-11-20 |w 2019-11-20 |y BK_X |k BRV | ||